| 000 | 00353nam a2200145Ia 4500 | ||
|---|---|---|---|
| 008 | 191201s2019 xx 000 0 und d | ||
| 082 |
_a621.381 _bSCE |
||
| 100 | _aSCHULER, Charles | ||
| 245 | 0 | _aElectronics Principles and Applications | |
| 250 | _a4th | ||
| 260 |
_aN.Delhi _bMcGraw Hill |
||
| 300 | _a406 | ||
| 650 | _aB.Tech(ECE) | ||
| 942 |
_2ddc _cBK |
||
| 999 |
_c1949 _d1949 |
||